LIBRARY & INFORMATION CENTRE, KCAET, TAVANUR

ONLINE PUBLIC ACCESS CATALOGUE (OPAC)

Keraleeya navothanam neridunna velluvilikal / (Record no. 18128)

MARC details
000 -LEADER
fixed length control field 00372nam a2200145 4500
003 - CONTROL NUMBER IDENTIFIER
control field OSt
008 - FIXED-LENGTH DATA ELEMENTS--GENERAL INFORMATION
fixed length control field 241005b |||||||| |||| 00| 0 eng d
041 ## - LANGUAGE CODE
Language code of text/sound track or separate title mal
082 ## - DEWEY DECIMAL CLASSIFICATION NUMBER
Classification number 954.8305
Item number VIJ/KE
100 ## - MAIN ENTRY--AUTHOR NAME
Personal name Vijayan, Pinarayi
245 ## - TITLE STATEMENT
Title Keraleeya navothanam neridunna velluvilikal /
260 ## - PUBLICATION, DISTRIBUTION, ETC. (IMPRINT)
Place of publication Kayamkulam :
Name of publisher Sithara Books,
Year of publication 2021.
300 ## - PHYSICAL DESCRIPTION
Number of Pages 144p.
942 ## - ADDED ENTRY ELEMENTS (KOHA)
Koha item type Books
Holdings
Withdrawn status Lost status Damaged status Home library Current library Date acquired Source of acquisition Cost, normal purchase price Full call number Accession Number Koha item type
      KAUAET KAUAET 05/10/2024 Donated by KT Jaleel MLA 150.00 954.8305 VIJ/KE 26260 Books
free website counter